[Event "UKR-ch Semifinal 2019"]
[Site "Omelnyk"]
[Date "2019.10.12"]
[Round "7.6"]
[White "Peng, Li Min"]
[Black "Alexikov, Alexander"]
[Result "1-0"]
[WhiteElo "2454"]
[BlackElo "2242"]
[Annotator "ChessBase"]
[PlyCount "93"]
[EventDate "2019.10.06"]
[EventType "swiss"]
[EventCountry "UKR"]
[SourceTitle "playchess.com"]
[Source "ChessBase"]
[SourceQuality "1"]
[TimeControl "40/5400+30:1800+30"]

1. d4 Nf6 2. c4 c5 3. d5 d6 4. Nc3 g6 5. e4 Bg7 6. Nf3 O-O 7. h3 e6 8. Bd3 Na6 9. O-O e5 10. Bg5 h6 11. Be3 Nh5 12. Qd2 g5 13. Rfe1 Nf4 14. Nh2 Nc7 15. Nf1 f6 16. Ng3 Rf7 17. Nce2 Bf8 18. Nc1 Ne8 19. Qd1 Nxd3 20. Qxd3 Ng7 21. Nf5 Nxf5 22. exf5 b5 23. Ne2 bxc4 24. Qc2 Rb8 25. Rad1 h5 26. Bc1 Rh7 27. g4 Be7 28. Kg2 Kg7 29. Rh1 Qa5 30. h4 gxh4 31. g5 Rh8 32. g6 Kg8 33. Rxh4 Qxa2 34. Nc3 Qa5 35. Rdh1 Bf8 36. Rxh5 Rxh5 37. Rxh5 Bg7 38. Qe4 Qc7 39. Qh4 Rb6 40. Ne4 Qe7 41. Rh7 Bxf5 42. Rxg7+ Qxg7 43. Nxf6+ Kf8 44. Bh6 Bxg6 45. Nd7+ Kg8 46. Bxg7 Kxg7 47. Qf6+ 1-0

[Event "UKR-ch Semifinal 2019"]
[Site "Omelnyk"]
[Date "2019.10.13"]
[Round "8.1"]
[White "Bernadskiy, Vitaliy"]
[Black "Golubka, Petro"]
[Result "1/2-1/2"]
[WhiteElo "2554"]
[BlackElo "2471"]
[Annotator "ChessBase"]
[PlyCount "48"]
[EventDate "2019.10.06"]
[EventType "swiss"]
[EventCountry "UKR"]
[SourceTitle "playchess.com"]
[Source "ChessBase"]
[SourceQuality "1"]
[TimeControl "40/5400+30:1800+30"]

1. c4 {[%emt 0:00:00]} e5 {[%emt 0:03:18]} 2. g3 {[%emt 0:00:43]} Nf6 {[%emt 0:00:58]} 3. Bg2 {[%emt 0:00:09]} Nc6 {[%emt 0:01:32]} 4. Nc3 {[%emt 0:00:55]} Bb4 {[%emt 0:00:09]} 5. e4 {[%emt 0:03:05]} Bxc3 {[%emt 0:04:51]} 6. dxc3 {[%emt 0:00:06]} O-O {[%emt 0:00:13]} 7. Nh3 {[%emt 0:02:36]} d6 {[%emt 0:01:18]} 8. f3 {[%emt 0:00:28]} a5 {[%emt 0:06:38]} 9. a4 {[%emt 0:02:45]} Nd7 {[%emt 0:00:38]} 10. O-O {[%emt 0:01:27]} Nc5 {[%emt 0:00:07]} 11. Be3 {[%emt 0:00:38]} Be6 {[%emt 0:01:09]} 12. b3 {[%emt 0:00:29]} Qe7 {[%emt 0:07:59]} 13. Nf2 {[%emt 0:01:45]} Rad8 {[%emt 0:04:00]} 14. Ra2 {[%emt 0:11:31]} f5 {[%emt 0:11:41]} 15. exf5 {[%emt 0:01:29]} Bxf5 {[%emt 0:00:05]} 16. Bxc5 {[%emt 0:04:42]} dxc5 {[%emt 0:00:03]} 17. Qc1 {[%emt 0:00:06]} Qf6 {[%emt 0:11:37]} 18. Qe3 {[%emt 0:01:44]} b6 {[%emt 0:00:57]} 19. f4 {[%emt 0:12:46]} Qh6 {[%emt 0:08:15]} 20. Bd5+ {[%emt 0:06:38]} Kh8 {[%emt 0:01:21]} 21. Re2 {[%emt 0:01:15]} exf4 {[%emt 0:04:47]} 22. Qxf4 {[%emt 0:00:08]} Qxf4 {[%emt 0:00:56]} 23. gxf4 {[%emt 0:00:04]} Na7 {[%emt 0:02:09]} 24. Re7 {[%emt 0:06:46]} Rd7 {[%emt 0:00:31]} 1/2-1/2

[Event "UKR-ch Semifinal 2019"]
[Site "Omelnyk"]
[Date "2019.10.13"]
[Round "8.2"]
[White "Peng, Li Min"]
[Black "Kovchan, Alexander"]
[Result "1/2-1/2"]
[WhiteElo "2454"]
[BlackElo "2570"]
[Annotator "ChessBase"]
[PlyCount "20"]
[EventDate "2019.10.06"]
[EventType "swiss"]
[EventCountry "UKR"]
[SourceTitle "playchess.com"]
[Source "ChessBase"]
[SourceQuality "1"]
[TimeControl "40/5400+30:1800+30"]

1. Nf3 {[%emt 0:03:20]} Nf6 {[%emt 0:00:00]} 2. c4 {[%emt 0:00:09]} c5 {[%emt 0:00:11]} 3. b3 {[%emt 0:00:11]} g6 {[%emt 0:00:19]} 4. Bb2 {[%emt 0:00:09]} Bg7 {[%emt 0:00:09]} 5. g3 {[%emt 0:00:12]} O-O {[%emt 0:00:28]} 6. Bg2 {[%emt 0:00:09]} Nc6 {[%emt 0:00:29]} 7. O-O {[%emt 0:00:08]} d6 {[%emt 0:01:31]} 8. d4 {[%emt 0:00:06]} cxd4 {[%emt 0:00:23]} 9. Nxd4 {[%emt 0:00:04]} Bd7 {[%emt 0:00:18]} 10. Nc3 {[%emt 0:00:06]} a6 {[%emt 0:01:20]} 1/2-1/2

[Event "UKR-ch Semifinal 2019"]
[Site "Omelnyk"]
[Date "2019.10.13"]
[Round "8.3"]
[White "Baidetskyi, Valentin"]
[Black "Vysochin, Spartak"]
[Result "0-1"]
[WhiteElo "2412"]
[BlackElo "2497"]
[Annotator "ChessBase"]
[PlyCount "154"]
[EventDate "2019.10.06"]
[EventType "swiss"]
[EventCountry "UKR"]
[SourceTitle "playchess.com"]
[Source "ChessBase"]
[SourceQuality "1"]
[TimeControl "40/5400+30:1800+30"]

1. e4 {[%emt 0:00:00]} c6 {[%emt 0:00:00]} 2. Nc3 {[%emt 0:00:00]} d5 {[%emt 0:00:00]} 3. Nf3 {[%emt 0:00:00]} Nf6 {[%emt 0:04:16]} 4. e5 {[%emt 0:00:21]} Ne4 {[%emt 0:00:21]} 5. Ne2 {[%emt 0:00:08]} Qb6 {[%emt 0:00:12]} 6. d4 {[%emt 0:00:05]} e6 {[%emt 0:00:20]} 7. Ng3 {[%emt 0:00:13]} Nxg3 {[%emt 0:03:12]} 8. fxg3 {[%emt 0:00:24]} c5 {[%emt 0:00:34]} 9. Bd3 {[%emt 0:00:22]} Nc6 {[%emt 0:01:44]} 10. O-O {[%emt 0:00:44]} cxd4 {[%emt 0:04:20]} 11. a3 {[%emt 0:00:09]} a5 {[%emt 0:01:14]} 12. Qe2 {[%emt 0:01:30]} h6 {[%emt 0:07:13]} 13. g4 {[%emt 0:14:40]} g6 {[%emt 0:05:06]} 14. Bd2 {[%emt 0:06:34]} Bd7 {[%emt 0:04:15]} 15. Kh1 {[%emt 0:07:03]} Bg7 {[%emt 0:04:39]} 16. Qf2 {[%emt 0:07:45]} Rf8 {[%emt 0:09:27]} 17. b4 {[%emt 0:02:36]} g5 {[%emt 0:04:42]} 18. bxa5 {[%emt 0:05:12]} Qc7 {[%emt 0:01:18]} 19. Bb4 {[%emt 0:00:23]} Nxb4 {[%emt 0:00:16]} 20. axb4 {[%emt 0:00:01]} Qc3 {[%emt 0:04:55]} 21. Rab1 {[%emt 0:08:16]} f6 {[%emt 0:01:18]} 22. exf6 {[%emt 0:17:28]} Rxf6 {[%emt 0:00:44]} 23. Qg3 {[%emt 0:00:07]} Rf4 {[%emt 0:01:20]} 24. Rfe1 {[%emt 0:09:15]} O-O-O {[%emt 0:10:51]} 25. Ne5 {[%emt 0:03:27]} Bxe5 {[%emt 0:04:44]} 26. Rxe5 {[%emt 0:00:03]} Rdf8 {[%emt 0:01:30]} 27. Kg1 {[%emt 0:06:21]} Kc7 {[%emt 0:11:57]} 28. h4 {[%emt 0:06:39]} Kd6 {[%emt 0:02:26]} 29. Rbe1 {[%emt 0:01:04]} Qxb4 {[%emt 0:02:03]} 30. hxg5 {[%emt 0:00:06]} hxg5 {[%emt 0:00:03]} 31. Rxg5 {[%emt 0:00:23]} Qd2 {[%emt 0:03:27]} 32. Rge5 {[%emt 0:01:11]} Qf2+ {[%emt 0:03:16]} 33. Qxf2 {[%emt 0:00:01]} Rxf2 {[%emt 0:00:06]} 34. g5 {[%emt 0:00:27]} R2f4 {[%emt 0:00:52]} 35. g3 {[%emt 0:03:13]} Rf3 {[%emt 0:02:03]} 36. Kg2 {[%emt 0:00:08]} Re3 {[%emt 0:00:29]} 37. R5xe3 {[%emt 0:00:10]} dxe3 {[%emt 0:00:06]} 38. Rxe3 {[%emt 0:00:13]} e5 {[%emt 0:00:04]} 39. c3 {[%emt 0:02:08]} Rg8 {[%emt 0:01:37]} 40. a6 {[%emt 0:00:00]} bxa6 {[%emt 0:00:00]} 41. Bxa6 {[%emt 0:00:48]} Rxg5 {[%emt 0:02:30]} 42. Kf2 {[%emt 0:03:56]} Rh5 {[%emt 0:02:10]} 43. Be2 {[%emt 0:01:11]} Rh2+ {[%emt 0:00:30]} 44. Kg1 {[%emt 0:00:30]} Rh8 {[%emt 0:00:30]} 45. Kf2 {[%emt 0:00:30]} Rg8 {[%emt 0:01:59]} 46. Rd3 {[%emt 0:05:50]} Bf5 {[%emt 0:03:18]} 47. Rf3 {[%emt 0:00:52]} Ke6 {[%emt 0:00:30]} 48. Re3 {[%emt 0:00:30]} e4 {[%emt 0:00:47]} 49. g4 {[%emt 0:03:52]} Bxg4 {[%emt 0:00:44]} 50. c4 {[%emt 0:00:30]} Rf8+ {[%emt 0:02:11]} 51. Ke1 {[%emt 0:00:30]} Bf5 {[%emt 0:00:30]} 52. cxd5+ {[%emt 0:00:30]} Kxd5 {[%emt 0:00:30]} 53. Ra3 {[%emt 0:00:30]} Ke5 {[%emt 0:00:30]} 54. Kf2 {[%emt 0:06:37]} Kf4 {[%emt 0:00:30]} 55. Ra4 {[%emt 0:01:27]} Rb8 {[%emt 0:00:53]} 56. Ke1 {[%emt 0:00:45]} Rb1+ {[%emt 0:00:30]} 57. Kf2 {[%emt 0:00:30]} Rb2 {[%emt 0:00:30]} 58. Ke1 {[%emt 0:00:30]} Bh3 {[%emt 0:01:18]} 59. Ra3 {[%emt 0:07:49]} Bg2 {[%emt 0:00:42]} 60. Rc3 {[%emt 0:00:30]} e3 {[%emt 0:02:46]} 61. Rc4+ {[%emt 0:00:38]} Ke5 {[%emt 0:00:30]} 62. Rc1 {[%emt 0:00:30]} Be4 {[%emt 0:03:18]} 63. Rc5+ {[%emt 0:01:02]} Kd4 {[%emt 0:00:56]} 64. Rc4+ {[%emt 0:00:30]} Kd5 {[%emt 0:00:30]} 65. Rc1 {[%emt 0:00:44]} Bc2 {[%emt 0:00:30]} 66. Bf1 {[%emt 0:00:34]} Ke4 {[%emt 0:01:10]} 67. Ra1 {[%emt 0:00:30]} Kf3 {[%emt 0:00:30]} 68. Be2+ {[%emt 0:00:30]} Kg3 {[%emt 0:00:30]} 69. Kf1 {[%emt 0:00:58]} Be4 {[%emt 0:00:30]} 70. Ke1 {[%emt 0:00:30]} Bf3 {[%emt 0:00:43]} 71. Bxf3 {[%emt 0:01:10]} Kxf3 {[%emt 0:00:30]} 72. Kf1 {[%emt 0:00:30]} Rh2 {[%emt 0:00:30]} 73. Kg1 {[%emt 0:00:30]} Rg2+ {[%emt 0:00:30]} 74. Kh1 {[%emt 0:00:30]} Rg4 {[%emt 0:00:45]} 75. Rf1+ {[%emt 0:00:36]} Ke4 {[%emt 0:00:30]} 76. Rf8 {[%emt 0:00:30]} e2 {[%emt 0:00:30]} 77. Re8+ {[%emt 0:00:30]} Kd3 {[%emt 0:00:30]} 0-1

[Event "UKR-ch Semifinal 2019"]
[Site "Omelnyk"]
[Date "2019.10.13"]
[Round "8.4"]
[White "Shalimov, Valery"]
[Black "Frolov, Artur"]
[Result "1/2-1/2"]
[WhiteElo "2391"]
[BlackElo "2423"]
[Annotator "NA"]
[PlyCount "43"]
[EventDate "2019.10.06"]
[EventType "swiss"]
[EventCountry "UKR"]
[SourceTitle "playchess.com"]
[Source "ChessBase"]
[SourceQuality "1"]
[TimeControl "40/5400+30:1800+30"]

1. d4 {[%emt 0:00:00]} Nf6 {[%emt 0:00:05]} 2. Nf3 {[%emt 0:00:00]} g6 {[%emt 0:00:10]} 3. Bg5 {[%emt 0:00:06]} Bg7 {[%emt 0:01:15]} 4. Nbd2 {[%emt 0:00:33]} c5 {[%emt 0:02:50]} 5. Bxf6 {[%emt 0:00:18]} Bxf6 {[%emt 0:00:49]} 6. Ne4 {[%emt 0:00:02]} Bxd4 {[%emt 0:01:11]} 7. Nxd4 {[%emt 0:00:20]} cxd4 {[%emt 0:00:04]} 8. Qxd4 {[%emt 0:00:03]} O-O {[%emt 0:08:21]} 9. c4 {[%emt 0:02:38]} Qa5+ {[%emt 0:02:21]} 10. Qd2 {[%emt 0:01:22]} Qxd2+ {[%emt 0:00:15]} 11. Kxd2 {[%emt 0:00:57]} Nc6 {[%emt 0:00:06]} 12. e3 {[%emt 0:02:15]} d6 {[%emt 0:02:12]} 13. Be2 {[%emt 0:01:07]} f6 {[%emt 0:03:42]} 14. Nc3 {[%emt 0:03:19]} Be6 {[%emt 0:00:09]} 15. Nd5 {[%emt 0:00:28]} Rfc8 {[%emt 0:02:29]} 16. Rhc1 {[%emt 0:00:23]} Kf7 {[%emt 0:01:02]} 17. Nf4 {[%emt 0:06:01]} Bd7 {[%emt 0:00:49]} 18. c5 {[%emt 0:01:41]} dxc5 {[%emt 0:06:17]} 19. Rxc5 {[%emt 0:00:27]} Ne5 {[%emt 0:02:44]} 20. Rac1 {[%emt 0:03:40]} Rxc5 {[%emt 0:01:15]} 21. Rxc5 {[%emt 0:00:44]} Rc8 {[%emt 0:00:17]} 22. Rxc8 {[%emt 0:01:16]} 1/2-1/2

[Event "UKR-ch Semifinal 2019"]
[Site "Omelnyk"]
[Date "2019.10.13"]
[Round "8.5"]
[White "Belous, Mikhail"]
[Black "Polivanov, Anatoliy"]
[Result "1/2-1/2"]
[WhiteElo "2319"]
[BlackElo "2411"]
[Annotator "NA"]
[PlyCount "89"]
[EventDate "2019.10.06"]
[EventType "swiss"]
[EventCountry "UKR"]
[SourceTitle "playchess.com"]
[Source "ChessBase"]
[SourceQuality "1"]
[TimeControl "40/5400+30:1800+30"]

1. d4 {[%emt 0:00:00]} e6 {[%emt 0:00:10]} 2. c4 {[%emt 0:00:00]} f5 {[%emt 0:00:05]} 3. Nf3 {[%emt 0:00:15]} Nf6 {[%emt 0:00:07]} 4. g3 {[%emt 0:00:13]} g6 {[%emt 0:00:25]} 5. Bg2 {[%emt 0:00:34]} Bg7 {[%emt 0:00:06]} 6. O-O {[%emt 0:00:39]} O-O {[%emt 0:00:17]} 7. Nc3 {[%emt 0:00:58]} d6 {[%emt 0:00:10]} 8. b3 {[%emt 0:02:26]} Nc6 {[%emt 0:00:40]} 9. Qc2 {[%emt 0:00:32]} Nb4 {[%emt 0:00:17]} 10. Qd2 {[%emt 0:01:58]} a5 {[%emt 0:01:34]} 11. a3 {[%emt 0:01:15]} Nc6 {[%emt 0:00:09]} 12. Qc2 {[%emt 0:07:22]} e5 {[%emt 0:02:37]} 13. dxe5 {[%emt 0:02:56]} dxe5 {[%emt 0:00:37]} 14. Rd1 {[%emt 0:01:30]} Bd7 {[%emt 0:06:24]} 15. Bb2 {[%emt 0:08:11]} e4 {[%emt 0:02:28]} 16. Ng5 {[%emt 0:02:13]} Qe7 {[%emt 0:08:36]} 17. Nh3 {[%emt 0:04:01]} Ne5 {[%emt 0:07:31]} 18. Nd5 {[%emt 0:02:40]} Nxd5 {[%emt 0:00:21]} 19. cxd5 {[%emt 0:00:12]} Rac8 {[%emt 0:09:01]} 20. f3 {[%emt 0:15:30]} exf3 {[%emt 0:20:09]} 21. exf3 {[%emt 0:00:21]} Rfe8 {[%emt 0:01:52]} 22. Re1 {[%emt 0:10:32]} Qd6 {[%emt 0:02:12]} 23. Rad1 {[%emt 0:01:41]} c5 {[%emt 0:05:53]} 24. Nf4 {[%emt 0:11:48]} c4 {[%emt 0:03:14]} 25. bxc4 {[%emt 0:02:18]} Rxc4 {[%emt 0:11:35]} 26. Qf2 {[%emt 0:01:16]} Rec8 {[%emt 0:00:28]} 27. Re2 {[%emt 0:06:29]} Ba4 {[%emt 0:00:32]} 28. Rdd2 {[%emt 0:03:21]} Bb5 {[%emt 0:05:14]} 29. Re1 {[%emt 0:08:37]} Bf6 {[%emt 0:07:49]} 30. Ne6 {[%emt 0:02:11]} Nd7 {[%emt 0:01:44]} 31. f4 {[%emt 0:00:04]} Ba4 {[%emt 0:00:47]} 32. Qe3 {[%emt 0:01:21]} Bxb2 {[%emt 0:00:42]} 33. Rxb2 {[%emt 0:00:03]} b5 {[%emt 0:00:16]} 34. Rbe2 {[%emt 0:01:33]} Qb6 {[%emt 0:01:16]} 35. Qxb6 {[%emt 0:00:46]} Nxb6 {[%emt 0:00:04]} 36. d6 {[%emt 0:00:28]} Rc1 {[%emt 0:01:14]} 37. Kf2 {[%emt 0:01:41]} Rxe1 {[%emt 0:00:12]} 38. Rxe1 {[%emt 0:00:26]} Rc2+ {[%emt 0:00:50]} 39. Re2 {[%emt 0:00:14]} b4 {[%emt 0:00:35]} 40. axb4 {[%emt 0:00:00]} axb4 {[%emt 0:00:00]} 41. Rxc2 {[%emt 0:09:02]} Bxc2 {[%emt 0:00:08]} 42. Ke2 {[%emt 0:09:24]} b3 {[%emt 0:10:17]} 43. Kd2 {[%emt 0:00:53]} Nc4+ {[%emt 0:00:55]} 44. Kc3 {[%emt 0:00:44]} Nxd6 {[%emt 0:00:08]} 45. Nd4 {[%emt 0:02:37]} 1/2-1/2

[Event "UKR-ch Semifinal 2019"]
[Site "Omelnyk"]
[Date "2019.10.13"]
[Round "8.6"]
[White "Bogdanovich, Stanislav"]
[Black "Levitskiy, Andrey"]
[Result "1-0"]
[WhiteElo "2616"]
[BlackElo "2379"]
[Annotator "RC"]
[PlyCount "87"]
[EventDate "2019.10.06"]
[EventType "swiss"]
[EventCountry "UKR"]
[SourceTitle "playchess.com"]
[Source "ChessBase"]
[SourceQuality "1"]
[TimeControl "40/5400+30:1800+30"]

1. e4 {[%emt 0:00:00]} c5 {[%emt 0:00:00]} 2. Nf3 {[%emt 0:00:00]} d6 {[%emt 0:00:47]} 3. Bb5+ {[%emt 0:00:00]} Nc6 {[%emt 0:00:30]} 4. O-O {[%emt 0:00:08]} Bd7 {[%emt 0:00:05]} 5. Re1 {[%emt 0:00:19]} Nf6 {[%emt 0:00:05]} 6. c3 {[%emt 0:00:13]} a6 {[%emt 0:00:02]} 7. Bf1 {[%emt 0:00:13]} Bg4 {[%emt 0:00:06]} 8. d4 {[%emt 0:00:14]} cxd4 {[%emt 0:02:05]} 9. cxd4 {[%emt 0:00:04]} d5 {[%emt 0:00:26]} 10. exd5 {[%emt 0:01:27]} Nxd5 {[%emt 0:02:05]} 11. Nc3 {[%emt 0:00:41]} e6 {[%emt 0:03:02]} 12. h3 {[%emt 0:00:37]} Bxf3 {[%emt 0:00:22]} 13. Qxf3 {[%emt 0:00:05]} Bb4 {[%emt 0:01:56]} 14. Qg3 {[%emt 0:01:05]} O-O {[%emt 0:07:50]} 15. Bh6 {[%emt 0:00:35]} Qf6 {[%emt 0:03:12]} 16. Bg5 {[%emt 0:00:21]} Qg6 {[%emt 0:03:45]} 17. Bd3 {[%emt 0:00:49]} f5 {[%emt 0:01:43]} 18. Bc4 {[%emt 0:00:58]} Bxc3 {[%emt 0:09:45]} 19. bxc3 {[%emt 0:00:29]} Kh8 {[%emt 0:09:23]} 20. Re2 {[%emt 0:30:25]} Rae8 {[%emt 0:20:37]} 21. Rae1 {[%emt 0:04:05]} h6 {[%emt 0:22:19]} 22. Bd2 {[%emt 0:06:51]} Qf7 {[%emt 0:07:26]} 23. Qd6 {[%emt 0:01:39]} Na5 {[%emt 0:00:43]} 24. Bxd5 {[%emt 0:13:13]} exd5 {[%emt 0:00:04]} 25. Re7 {[%emt 0:00:25]} Rxe7 {[%emt 0:00:55]} 26. Rxe7 {[%emt 0:00:04]} Qf6 {[%emt 0:00:48]} 27. Re6 {[%emt 0:00:19]} Qd8 {[%emt 0:00:40]} 28. Qe5 {[%emt 0:00:03]} Nc4 {[%emt 0:01:03]} 29. Rxh6+ {[%emt 0:01:51]} Kg8 {[%emt 0:00:01]} 30. Qe6+ {[%emt 0:00:12]} Rf7 {[%emt 0:00:03]} 31. Qg6 {[%emt 0:01:01]} Rf6 {[%emt 0:01:47]} 32. Qh7+ {[%emt 0:00:52]} Kf7 {[%emt 0:00:04]} 33. Rxf6+ {[%emt 0:02:55]} Qxf6 {[%emt 0:00:06]} 34. Bf4 {[%emt 0:00:02]} Qe6 {[%emt 0:01:02]} 35. h4 {[%emt 0:03:09]} Qg6 {[%emt 0:01:56]} 36. Qh8 {[%emt 0:00:07]} Qg4 {[%emt 0:00:44]} 37. g3 {[%emt 0:04:16]} Qd1+ {[%emt 0:00:32]} 38. Kg2 {[%emt 0:00:04]} Qd3 {[%emt 0:00:12]} 39. Qc8 {[%emt 0:03:58]} Qe4+ {[%emt 0:00:31]} 40. Kh2 {[%emt 0:00:00]} b5 {[%emt 0:00:00]} 41. Qd7+ {[%emt 0:04:50]} Kg8 {[%emt 0:02:18]} 42. h5 {[%emt 0:00:09]} Nb2 {[%emt 0:08:35]} 43. h6 {[%emt 0:03:39]} gxh6 {[%emt 0:00:03]} 44. Be5 {[%emt 0:00:07]} 1-0

[Event "UKR-ch Semifinal 2019"]
[Site "Omelnyk"]
[Date "2019.10.13"]
[Round "8.7"]
[White "Bondar, Dmytro"]
[Black "Matviishen, Viktor"]
[Result "1/2-1/2"]
[WhiteElo "2281"]
[BlackElo "2494"]
[Annotator "ChessBase"]
[PlyCount "139"]
[EventDate "2019.10.06"]
[EventType "swiss"]
[EventCountry "UKR"]
[SourceTitle "playchess.com"]
[Source "ChessBase"]
[SourceQuality "1"]
[TimeControl "40/5400+30:1800+30"]

1. e4 {[%emt 0:00:00]} e5 {[%emt 0:00:09]} 2. Nf3 {[%emt 0:00:00]} Nc6 {[%emt 0:00:06]} 3. Bc4 {[%emt 0:00:00]} Bc5 {[%emt 0:00:12]} 4. O-O {[%emt 0:00:00]} Nf6 {[%emt 0:00:19]} 5. d4 {[%emt 0:00:00]} Bxd4 {[%emt 0:00:21]} 6. Nxd4 {[%emt 0:00:02]} Nxd4 {[%emt 0:00:03]} 7. f4 {[%emt 0:00:12]} d6 {[%emt 0:00:04]} 8. fxe5 {[%emt 0:00:05]} dxe5 {[%emt 0:00:04]} 9. Bg5 {[%emt 0:00:11]} Be6 {[%emt 0:01:48]} 10. Bxf6 {[%emt 0:14:49]} gxf6 {[%emt 0:00:03]} 11. Bxe6 {[%emt 0:00:07]} Nxe6 {[%emt 0:00:05]} 12. Nc3 {[%emt 0:02:37]} c6 {[%emt 0:10:51]} 13. Qxd8+ {[%emt 0:04:16]} Rxd8 14. Rxf6 {[%emt 0:00:22]} Rd2 {[%emt 0:00:46]} 15. Rf2 {[%emt 0:00:28]} Rxf2 {[%emt 0:00:04]} 16. Kxf2 {[%emt 0:00:06]} Nd4 {[%emt 0:00:13]} 17. Rc1 {[%emt 0:00:39]} Rg8 {[%emt 0:00:20]} 18. g3 {[%emt 0:02:14]} Rg6 {[%emt 0:00:40]} 19. Nb1 {[%emt 0:08:48]} Rf6+ {[%emt 0:02:31]} 20. Kg2 {[%emt 0:00:28]} Rd6 {[%emt 0:01:23]} 21. c3 {[%emt 0:01:27]} Ne6 {[%emt 0:00:07]} 22. Kf3 {[%emt 0:02:05]} b5 {[%emt 0:03:19]} 23. Ke3 {[%emt 0:07:28]} f6 {[%emt 0:01:36]} 24. Nd2 {[%emt 0:04:37]} Nc5 {[%emt 0:04:15]} 25. b4 {[%emt 0:06:46]} Nd3 {[%emt 0:00:16]} 26. Ra1 {[%emt 0:05:36]} Nb2 {[%emt 0:01:57]} 27. Rc1 {[%emt 0:01:27]} Nc4+ {[%emt 0:03:29]} 28. Nxc4 {[%emt 0:00:07]} bxc4 {[%emt 0:00:02]} 29. Rf1 {[%emt 0:00:26]} Ke7 {[%emt 0:14:10]} 30. Ke2 {[%emt 0:00:10]} Rd3 {[%emt 0:00:10]} 31. Rf3 {[%emt 0:00:13]} Rd8 {[%emt 0:00:08]} 32. a4 {[%emt 0:02:52]} a5 {[%emt 0:04:44]} 33. bxa5 {[%emt 0:01:00]} Rb8 {[%emt 0:00:02]} 34. Rf1 {[%emt 0:06:48]} Rb2+ {[%emt 0:00:03]} 35. Ke3 {[%emt 0:00:05]} Rb3 {[%emt 0:20:27]} 36. Ra1 {[%emt 0:03:41]} Kd6 {[%emt 0:02:50]} 37. a6 {[%emt 0:03:46]} Kc7 {[%emt 0:00:14]} 38. Rf1 {[%emt 0:00:47]} Kb6 {[%emt 0:07:16]} 39. Rxf6 {[%emt 0:00:27]} Rxc3+ {[%emt 0:00:06]} 40. Kd2 {[%emt 0:00:00]} Ra3 {[%emt 0:00:00]} 41. Rf7 {[%emt 0:06:15]} Kxa6 {[%emt 0:06:32]} 42. Rxh7 {[%emt 0:01:55]} Kb6 {[%emt 0:04:36]} 43. g4 {[%emt 0:03:14]} Kc5 {[%emt 0:00:08]} 44. g5 {[%emt 0:02:56]} Rxa4 {[%emt 0:12:58]} 45. g6 {[%emt 0:00:25]} Ra2+ {[%emt 0:01:01]} 46. Kc3 {[%emt 0:03:07]} Rg2 {[%emt 0:02:02]} 47. g7 {[%emt 0:01:14]} Rg6 {[%emt 0:03:53]} 48. Rh5 {[%emt 0:05:10]} Rxg7 {[%emt 0:00:07]} 49. Rxe5+ {[%emt 0:00:06]} Kd6 {[%emt 0:00:04]} 50. Rh5 {[%emt 0:00:14]} Rg4 {[%emt 0:00:43]} 51. Kd4 {[%emt 0:01:38]} c5+ {[%emt 0:00:41]} 52. Ke3 {[%emt 0:00:12]} Rg2 {[%emt 0:03:02]} 53. Rh6+ {[%emt 0:00:33]} Kd7 {[%emt 0:00:17]} 54. e5 {[%emt 0:01:54]} c3 {[%emt 0:00:01]} 55. Rd6+ {[%emt 0:00:05]} Kc7 {[%emt 0:00:04]} 56. Rd3 {[%emt 0:00:37]} c2 {[%emt 0:02:56]} 57. Rc3 {[%emt 0:00:03]} Kc6 {[%emt 0:00:15]} 58. Kd3 {[%emt 0:00:09]} Rg5 {[%emt 0:03:07]} 59. Rxc2 {[%emt 0:00:14]} Rxe5 {[%emt 0:00:02]} 60. h4 {[%emt 0:00:12]} Kd5 {[%emt 0:01:01]} 61. Rg2 {[%emt 0:00:15]} c4+ {[%emt 0:00:06]} 62. Kc3 {[%emt 0:00:06]} Re3+ {[%emt 0:00:06]} 63. Kc2 {[%emt 0:00:12]} Rh3 {[%emt 0:00:14]} 64. Rg8 {[%emt 0:00:14]} Rxh4 {[%emt 0:00:40]} 65. Rd8+ {[%emt 0:00:01]} Kc5 {[%emt 0:00:11]} 66. Rc8+ {[%emt 0:00:01]} Kd6 {[%emt 0:00:14]} 67. Kc3 {[%emt 0:00:10]} Rh1 {[%emt 0:00:05]} 68. Rxc4 {[%emt 0:00:08]} Rc1+ {[%emt 0:00:02]} 69. Kd3 {[%emt 0:00:01]} Rxc4 {[%emt 0:00:07]} 70. Kxc4 {[%emt 0:00:03]} 1/2-1/2

[Event "UKR-ch Semifinal 2019"]
[Site "Omelnyk"]
[Date "2019.10.13"]
[Round "8.8"]
[White "Solovchuk, Oleksiy"]
[Black "Neverov, Valeriy"]
[Result "1-0"]
[WhiteElo "2261"]
[BlackElo "2477"]
[Annotator "ChessBase"]
[PlyCount "99"]
[EventDate "2019.10.06"]
[EventType "swiss"]
[EventCountry "UKR"]
[SourceTitle "playchess.com"]
[Source "ChessBase"]
[SourceQuality "1"]
[TimeControl "40/5400+30:1800+30"]

1. d4 {[%emt 0:00:00]} Nf6 {[%emt 0:01:39]} 2. c4 g6 {[%emt 0:01:10]} 3. Nc3 {[%emt 0:00:00]} Bg7 {[%emt 0:00:02]} 4. e4 {[%emt 0:00:00]} d6 {[%emt 0:00:03]} 5. Bd3 {[%emt 0:00:03]} O-O {[%emt 0:02:03]} 6. Nge2 {[%emt 0:00:05]} Nbd7 {[%emt 0:02:07]} 7. Bc2 {[%emt 0:04:02]} a6 {[%emt 0:07:34]} 8. O-O {[%emt 0:00:57]} Rb8 {[%emt 0:03:08]} 9. a4 {[%emt 0:09:35]} e5 {[%emt 0:00:24]} 10. d5 {[%emt 0:04:27]} a5 {[%emt 0:00:29]} 11. Bg5 {[%emt 0:00:05]} h6 {[%emt 0:02:05]} 12. Bh4 {[%emt 0:00:53]} Nc5 {[%emt 0:05:14]} 13. f3 {[%emt 0:01:24]} Bd7 {[%emt 0:02:42]} 14. Qd2 {[%emt 0:04:32]} Nfxe4 {[%emt 0:06:20]} 15. Bxd8 {[%emt 0:00:09]} Nxd2 {[%emt 0:00:09]} 16. Bxc7 {[%emt 0:00:03]} Nxc4 {[%emt 0:16:55]} 17. Bxb8 {[%emt 0:00:41]} Rxb8 {[%emt 0:00:05]} 18. Ne4 {[%emt 0:03:45]} Nxb2 {[%emt 0:19:08]} 19. N2c3 {[%emt 0:08:25]} Nc4 {[%emt 0:08:56]} 20. Nxc5 {[%emt 0:02:01]} dxc5 {[%emt 0:00:08]} 21. Ne4 {[%emt 0:00:03]} Bf5 {[%emt 0:04:57]} 22. Rfc1 {[%emt 0:04:30]} Bf8 {[%emt 0:08:09]} 23. Nf6+ {[%emt 0:23:51]} Kg7 {[%emt 0:00:04]} 24. Bxf5 {[%emt 0:00:20]} Kxf6 {[%emt 0:00:04]} 25. Rxc4 {[%emt 0:00:03]} gxf5 {[%emt 0:01:47]} 26. Rb1 {[%emt 0:00:08]} b6 {[%emt 0:00:55]} 27. g3 {[%emt 0:00:59]} Bd6 {[%emt 0:00:57]} 28. Kf2 {[%emt 0:09:28]} Bc7 {[%emt 0:01:25]} 29. Ke3 {[%emt 0:00:54]} Rd8 {[%emt 0:00:36]} 30. Rd1 {[%emt 0:01:49]} Rd6 {[%emt 0:01:24]} 31. g4 {[%emt 0:03:50]} Bd8 {[%emt 0:01:42]} 32. h4 {[%emt 0:04:02]} h5 {[%emt 0:01:53]} 33. gxf5 {[%emt 0:05:03]} Kxf5 {[%emt 0:00:05]} 34. Re4 {[%emt 0:00:07]} Bf6 {[%emt 0:00:47]} 35. f4 {[%emt 0:02:17]} exf4+ {[%emt 0:00:32]} 36. Rxf4+ {[%emt 0:00:03]} Kg6 {[%emt 0:00:46]} 37. Rg1+ {[%emt 0:00:32]} Kh6 {[%emt 0:00:35]} 38. Ke4 {[%emt 0:00:15]} c4 {[%emt 0:01:26]} 39. Rc1 {[%emt 0:00:37]} c3 {[%emt 0:00:18]} 40. Rxf6+ {[%emt 0:00:00]} Rxf6 {[%emt 0:00:00]} 41. Rxc3 {[%emt 0:00:27]} Kg7 {[%emt 0:04:45]} 42. Ke5 {[%emt 0:00:17]} Rf1 {[%emt 0:02:52]} 43. Kd6 {[%emt 0:02:49]} Rf4 {[%emt 0:12:10]} 44. Kc7 {[%emt 0:00:05]} Rxh4 {[%emt 0:09:24]} 45. d6 {[%emt 0:00:04]} Rxa4 {[%emt 0:00:08]} 46. Rd3 {[%emt 0:00:06]} Re4 {[%emt 0:00:24]} 47. d7 {[%emt 0:00:04]} Re7 {[%emt 0:00:08]} 48. Kxb6 {[%emt 0:00:15]} Rxd7 {[%emt 0:01:46]} 49. Rxd7 {[%emt 0:00:03]} Kg6 {[%emt 0:00:59]} 50. Kc5 {[%emt 0:00:16]} 1-0